Análisis práctico de la cotización a la seguridad social

Gardado en:
Detalles Bibliográficos
Autor Principal: Benavides Vico, Antonio (Author)
Formato: Libro
Idioma:Lingua castelá
Publicado: Valladolid, España Lex Nova 2009
Subjects:
Tags: Engadir etiqueta
Sen Etiquetas, Sexa o primeiro en etiquetar este rexistro!

MARC

LEADER 00000nam a2200000 a 4500
001 UCH4528
003 CL-VaPUC
005 20230525074427.0
008 090820e20090000SP |||||||||||||||||spa|d
999 |c 335819  |d 335817 
040 |c Pontificia Universidad Católica de Valparaíso 
082 0 4 |a 344.02 BEN 2009  |2 21 
100 0 |a Benavides Vico, Antonio  |e author  |9 540079 
245 1 0 |a Análisis práctico de la cotización a la seguridad social 
260 |a Valladolid, España  |b Lex Nova  |c 2009 
300 |a 442 páginas 
500 |a Incluye CD 
583 |a last modification  |c 20090820 00:00:00  |k Rodrigo Vera 
650 0 |a Seguridad social  |9 255322 
650 7 |a SEGUROS SOCIALES  |2 CL-VaPUC  |9 329158 
651 0 |a Europa  |9 255156 
651 0 |a España  |9 254926 
942 |c BK  |2 ddc 
945 |d 20090820 00:00:00  |a dcastane 
952 |0 0  |1 0  |4 0  |6 344_020000000000000_BEN_2009  |7 0  |8 A  |9 426547  |a BIBDER  |b BIBDER  |d 2019-11-22  |i 4588533  |l 1  |o 344.02 BEN 2009  |p 4588533  |r 2023-01-25  |s 2022-07-28  |w 2019-11-22  |y BK  |k DER